00760nam a2200241 450000100060000000300080000600500170001400800410003103500190007204000230009104100080011408200240012210000280014624500830017425000120025726000440026930000320031335000100034550000100035565000320036565000300039771000910042746585BD-RjUL20211209054156.0160803s1968 pk k 000 0 eng  a(BD-RjUL)46704 aDLCcDLCdDLCbeng aeng00a347.2223bCHB 19681 aChowdhury, Obaidul Huq.14aThe Bengal public demands recovery act (III of 1913) /cObaidul Huq Chowdhury. a1st ed. aDacca,bDacca Law Reports [Off.]c1968. axxv, 300 p.bforms.c25 cm. a15.00 aindex 0aForeclosurezIndiazBengal. 0aMortgageszIndiazBengal.12aBengal (India).kLaws, statutes, etc.tBengal public demands recovery act, 1913. 1968.